1826 1390 1257 1298 1048 1526 1470 1213 1308 1860 1644 1535 1017 1752 1468 1446 1946 1279 1233 1806 1549 1756 1874 1423 1216 1887 1300 1502 1865 1305 1772 1628 1589 1921 1483 1103 1057 1050 1830 1112 1756 1906 1421 1374 1662 1620 1431 1150 1153 1842 1796 1669 1806 1785 1193 1681 1897 1005 1994 1604 1058 1088 1471 1510 1309 1261 1297 1959 1651 1737 1641 1793 1003 1856 1177 1653 1684 1726 1980 1780 1587 1393 1973 1987 1095 1467 1141 1275 1058 1142 1591 1471 1536 1430 1431 1805 1251 1902 1551 BCNSPRNW ULIB Ver.6.0+V

เปลี่ยนเป็นภาษาไทย

Change to English
 แสดงรายละเอียดบรรณานุกรม
  กลับหน้าหลัก

Brief Record : Get Marc (ISO 2709) : E-mail record : QR code < ปิดหน้าต่าง
LEADER : 00000nam 2200000uu 4500
001    13399123199
003     ULIB
008    020711s2548 th a 000 0 tha d
020    9789749271360
020    974927136x
050    HF5549^bว894ม
100    วีรพจน์ ลือประสิทธิ์สกุล
245    การเอาใจใส่ทรัพยากรณ์มนุษย์ : การบริหารความรู้และการเรียนรู้ /^cวีรพจน์ ลือประสิทธิ์สกุล
250    พิมพ์ครั้งที่ 1
260    กรุงเทพฯ :^bทีคิวเอ็มเบสท์,^c2548
300    116 หน้า;^b26 ซม.
650    การบริหารความรู้
945    ^p300^l0^i20335
รายการนี้ยังไม่มีแท็ก
คุณยังไม่ได้ล็อกอิน คุณสามารถมีกิจกรรมร่วมกับเว็บไซต์ได้ แต่ต้องล็อกอินก่อน ::
  ล็อกอิน

รายการสื่อสารสนเทศ

ลำดับที่ ประเภท เลขเรียก/บาร์โค้ด สถานที่ สถานะ
1. การศึกษาทั่วไป
การศึกษาทั่วไป
HF5549 ว894ม ฉ.1 
  Barcode: 20335
ห้องสมุดวิทยาเขตนครสวรรค์
►หนังสือทั่วไป:l:General Books
บนชั้น

รายการใกล้เคียง
    หัวเรื่อง [การบริหารความรู้]

BibComment


ยังไม่เคยถูกคอมเมนท์

คอมเมนท์ทรัพยากรรายการนี้
  คอมเมนท์: การเอาใจใส่ทรัพยา..


 Copyright 2026. Bcnsprnw @Library